1877 1843 1077 1292 1705 1417 1067 1603 1447 1713 1067 1319 1206 1292 1828 1498 1731 1176 1435 1060 1917 1229 1832 1598 1655 1876 1655 1458 1265 1934 1585 1797 1773 1124 1441 1347 1663 1343 1409 1773 1251 1787 1843 1768 1995 1200 1132 1896 1971 1112 1204 1770 1035 1360 1053 1508 1782 1210 1540 1732 1679 1114 1929 1715 1029 1310 1286 1100 1193 1766 1594 1551 1570 2000 1739 1644 1663 1228 1768 1491 1770 1029 1883 1378 1591 1322 1419 1560 1635 1097 1291 1792 1499 1547 1963 1062 1840 1789 1222 BCNSPRNW ULIB Ver.6.0+V

เปลี่ยนเป็นภาษาไทย

Change to English
 แสดงรายละเอียดบรรณานุกรม
  กลับหน้าหลัก

Brief Record : Get Marc (ISO 2709) : E-mail record : QR code < ปิดหน้าต่าง
LEADER : 00000nam 2200000uu 4500
001    13399127454
003     ULIB
008    200527s2562||||th 000 0 tha d
020    ^a9786164852624
060 04 ^aWA105^bก674ต
100 0  ^aกิตติพงษ์ คงสมบูรณ์
245 10 ^aตำราวิจัยทางระบาดวิทยาสำหรับนิสิตแพทย์ =^bTextbook ofedidemiological research for medical students /^cกิตติพงษ์คงสมบูรณ์
246 31 ^aTextbook of edidemiological research for medical students
250    ^aพิมพ์ครั้งที่ 2
260    ^aกรุงเทพฯ :^bโรงพิมพ์แห่งจุฬาลงกรณ์มหาวิทยาลัย,^c2562
300    ^a296 หน้า :^bภาพประกอบ ;^c26 ซม.
650  2 ^aEpidemiology
650  4 ^aระบาดวิทยา
945    ^p300^l0^i28343
945    ^p300^l0^i28344
945    ^p300^l0^i28345
945    ^p300^l0^i28346
945    ^p300^l0^i28347
999    ^aกัณชพร จุลอักษร
รายการนี้ยังไม่มีแท็ก
คุณยังไม่ได้ล็อกอิน คุณสามารถมีกิจกรรมร่วมกับเว็บไซต์ได้ แต่ต้องล็อกอินก่อน ::
  ล็อกอิน

รายการสื่อสารสนเทศ

ลำดับที่ ประเภท เลขเรียก/บาร์โค้ด สถานที่ สถานะ
1. หนังสือสำรอง
หนังสือสำรอง
WA105 ก674ต ฉ.1 
  Barcode: 28343
ห้องสมุดวิทยาเขตนครสวรรค์
►หนังสือทั่วไป:l:General Books
บนชั้น
2. วิทยาศาสตร์การแพทย์ และสุขภาพ
วิทยาศาสตร์การแพทย์ และสุขภาพ
WA105 ก674ต ฉ.2 
  Barcode: 28344
ห้องสมุดวิทยาเขตนครสวรรค์
►หนังสือทั่วไป:l:General Books
บนชั้น
3. วิทยาศาสตร์การแพทย์ และสุขภาพ
วิทยาศาสตร์การแพทย์ และสุขภาพ
WA105 ก674ต ฉ.3 
  Barcode: 28345
ห้องสมุดวิทยาเขตนครสวรรค์
►หนังสือทั่วไป:l:General Books
บนชั้น
4. วิทยาศาสตร์การแพทย์ และสุขภาพ
วิทยาศาสตร์การแพทย์ และสุขภาพ
WA105 ก674ต ฉ.4 
  Barcode: 28346
ห้องสมุดวิทยาเขตนครสวรรค์
►หนังสือทั่วไป:l:General Books
บนชั้น
5. วิทยาศาสตร์การแพทย์ และสุขภาพ
วิทยาศาสตร์การแพทย์ และสุขภาพ
WA105 ก674ต ฉ.5 
  Barcode: 28347
ห้องสมุดวิทยาเขตนครสวรรค์
►หนังสือทั่วไป:l:General Books
บนชั้น

รายการใกล้เคียง
    ผู้แต่ง [กิตติพงษ์ คงสมบูรณ์]

    หัวเรื่อง [Epidemiology]
    หัวเรื่อง [ระบาดวิทยา]

BibComment


ยังไม่เคยถูกคอมเมนท์

คอมเมนท์ทรัพยากรรายการนี้
  คอมเมนท์: ตำราวิจัยทางระบา..


 Copyright 2026. Bcnsprnw @Library